000
00288nam a22001097a 4500
003
OSt
005
20260219153733.0
008
260219b |||||||| |||| 00| 0 eng d
040
_c
World Affairs
245
_a
China’s foreign policy, diplomacy, and international relations.
942
_2
ddc
_c
BK
999
_c
4167
_d
4167